| Поле | Название | Значение |
| |
Тип записи |
a |
| |
Библиографический уровень |
m |
| 001 |
Контрольный номер |
RU/REG73/CBS_GRAD2/669898758 |
| 005 |
Дата корректировки |
20260302143655.3 |
| 010 |
Индекс ISBN |
__ |
| a |
ISBN |
5-17-1150-3 |
| b |
Уточнения |
в пер. |
| 9 |
Тираж |
10000 экз. |
| 100 |
Данные общей обработки |
__ |
| a |
Данные общей обработки |
20260302d 2002|||y0rusy0189## ca |
| 101 |
Язык документа |
0_ |
| a |
Язык текста |
rus |
| c |
Язык оригинала |
fre |
| 102 |
Страна публикации |
__ |
| a |
Страна публикации |
RU |
| 105 |
Кодированные данные (монография) |
__ |
| a |
Кодированные данные (монография) |
a z 000yy |
| 200 |
Заглавие и сведения об ответственности |
1_ |
| a |
Заглавие |
Праздники |
| e |
Сведения, относящиеся к заглавию |
|
| b |
Общее обозначение материала |
Текст |
| f |
Первые сведения об ответственности |
Н. Кретен |
| g |
Последующие сведения об ответственности |
художник Д. Тибо |
| g |
Последующие сведения об ответственности |
перевод с французского Л. Корнеевой |
| g |
Последующие сведения об ответственности |
отв. редактор А. С. Кобринская |
| 203 |
Вид содержания и тип средства |
__ |
| a |
Вид содержания |
Текст |
| b |
Характеристика содержания |
визуальный |
| c |
Тип средства |
непосредственный |
| 210 |
Выходные данные |
1_ |
| a |
Место издания |
Москва |
| c |
Издательство |
Астрель |
| c |
Издательство |
АСТ |
| d |
Дата издания |
2002 |
| 215 |
Физическое описание |
__ |
| a |
Объем |
75 с. |
| c |
Иллюстрации/тип воспроизводства |
ил. |
| d |
Формат |
17 см |
| 225 |
Серия |
1_ |
| a |
Серия |
Мини-энциклопедия |
| 606 |
Тематические рубрики |
0_ |
| a |
Основная рубрика |
Этнография |
| 610 |
Ключевые слова |
0_ |
| a |
Ключевые слова |
происхождение праздников |
| 610 |
Ключевые слова |
0_ |
| a |
Ключевые слова |
праздники разных народов |
| 610 |
Ключевые слова |
0_ |
| a |
Ключевые слова |
детские энциклопедии |
| 610 |
Ключевые слова |
0_ |
| a |
Ключевые слова |
национальные праздники |
| 610 |
Ключевые слова |
0_ |
| a |
Ключевые слова |
религиозные праздники |
| 686 |
Индексы других классификаций |
__ |
| a |
Классификационный индекс |
63.5 |
| 2 |
Код системы |
rubbk |
| 700 |
Автор |
_1 |
| a |
Фамилия |
Кретен |
| g |
Полное личное имя |
Надин |
| 702 |
Вторичная интеллектуальная ответственность |
_1 |
| a |
Фамилия |
Тибо |
| b |
Имя (инициалы) |
Д. |
| g |
Полное личное имя |
Доминик |
| 4 |
Код отношения |
040 |
| 702 |
Вторичная интеллектуальная ответственность |
_1 |
| a |
Фамилия |
Корнеева |
| b |
Имя (инициалы) |
Л. |
| 4 |
Код отношения |
730 |
| 702 |
Вторичная интеллектуальная ответственность |
_1 |
| a |
Фамилия |
Кобринская |
| b |
Имя (инициалы) |
А. С. |
| 4 |
Код отношения |
340 |
| 801 |
Источник записи |
_0 |
| a |
Страна |
RU |
| b |
Организация |
RuCBSGrad |
| g |
Правила каталогизации |
PSBO |
| 801 |
Источник записи |
_1 |
| a |
Страна |
RU |
| b |
Организация |
RuCBSGrad |
| g |
Правила каталогизации |
PSBO |
| 852 |
Данные о местонахождении |
__ |
| a |
Наименование организации |
МБУК "ЦБС г.Димитровграда" |
| i |
Авторский знак |
К 80 |
| z |
Тип записи |
R |
| 901 |
Тип документа |
__ |
| t |
Тип документа |
m |
| 910 |
Корректоры записи |
__ |
| a |
Корректор записи |
Гонюкова |
| b |
Дата внесения изменения в запись |
20260302 |
| 981 |
|
__ |
| b |
|
i |
| g |
|
e |
| 2 |
|
isbdcontent |
| 982 |
|
__ |
| b |
|
n |
| 2 |
|
isbdmedia |
| 993 |
|
__ |
| a |
|
52922 |
| b |
|
28982 |
| e |
|
218880 |
| f |
|
ЦГДБ |
| h |
|
41.25 |
| i |
|
218880 |
| m |
|
1 |
| n |
|
44278 |
| o |
|
I |
| p |
|
41.25 |
| x |
|
1 |
| y |
|
1 |
| z |
|
63.5 |